书目信息 |
| 题名: |
地球档案
|
|
| 作者: | 张燕如 , 赵逊, , 赵逊 , 张晶 编著 | |
| 分册: | ||
| 出版信息: | 北京 中国建筑工业出版社 2005 |
|
| 页数: | 407页 | |
| 开本: | 21cm | |
| 丛书名: | ||
| 单 册: | ||
| 中图分类: | S759.93 | |
| 科图分类: | ||
| 主题词: | 地质--Di Zhi--国家公园--概况--中国 | |
| 电子资源: | ||
| ISBN: | 7-112-07727-3 | |
| 000 | 01041nam0 2200301 450 | |
| 001 | CAL 012006002396 | |
| 005 | 20061121162713.76 | |
| 010 | @a7-112-07727-3@dCNY 58.00 | |
| 099 | @aCAL 012006002396 | |
| 100 | @a20060109d2005 em y0chiy0121 ea | |
| 101 | 0 | @achi |
| 102 | @aCN@b110000 | |
| 105 | @aabf z 000yy | |
| 200 | 1 | @a地球档案@ADi Qiu Dang An@e国家地质公园之旅@f赵逊等编著@Fzhao xun deng bian zhu |
| 210 | @a北京@c中国建筑工业出版社@d2005 | |
| 215 | @a407页@c彩图, 地图@d21cm | |
| 304 | @a题名页题: 赵逊, 张晶, 张燕如, 张业成, 赵汀编著 | |
| 330 | @a本书把85个国家地质公园 (其中包括12个世界地质公园) 的概况、科学成因以及相关的旅游信息, 汇集成册。 | |
| 517 | 1 | @a国家地质公园之旅@AGuo Jia Di Zhi Gong Yuan Zhi Lv |
| 606 | 0 | @a地质@ADi Zhi@x国家公园@x概况@y中国 |
| 690 | @aS759.93@v4 | |
| 701 | 0 | @a张燕如@AZhang Yan Ru@4编著 |
| 701 | 0 | @a赵逊,@AZhao Xun@f1942-@4编著 |
| 701 | 0 | @a赵逊@Azhao xun@4编著 |
| 701 | 0 | @a张晶@AZhang Jing@4编著 |
| 801 | @aCN@c20061121 | |
| 905 | @a10447@dS759.93@eZ330 | |
| 998 | @aSEU | |
| 地球档案:国家地质公园之旅/赵逊等编著.-北京:中国建筑工业出版社,2005 |
| 407页:彩图, 地图;21cm |
| ISBN 7-112-07727-3:CNY 58.00 |
| 本书把85个国家地质公园 (其中包括12个世界地质公园) 的概况、科学成因以及相关的旅游信息, 汇集成册。 |
| ● |
| 相关链接 |
|
|
|
正题名:地球档案
索取号:S759.93/Z330
 
预约/预借
| 序号 | 登录号 | 条形码 | 馆藏地/架位号 | 状态 | 备注 |
| 1 | 613409 | 206134093 | 自科库401/401自科库 1排2列4层/ [索取号:S759.93/Z330] | 在馆 | |
| 2 | 613410 | 206134100 | 自科库401/401自科库 1排2列4层/ [索取号:S759.93/Z330] | 在馆 | |
| 3 | 613411 | 206134119 | 自科库401/401自科库 1排2列4层/ [索取号:S759.93/Z330] | 在馆 |